000 00834nam a2200265 a 4500
001 000004964
003 DO-SdBNP
005 20171024104633.0
007 000004964
008 090728s2001 dr a 001 0 spa d
020 _a9993420069
040 _aBPMSU
_bspa
_cBPMSU
082 _a364.1323
_bA989p
100 1 _aAyuso, Juan José
245 1 0 _aPagar o matar /
_cJuan José Ayuso.
260 _aSanto Domingo :
_bManatí,
_c2001.
300 _a139 p. :
_bil. ;
_c25 cm.
500 _aIncluye índice de nombres y notas al pie de las páginas
650 4 _aCORRUPCIÓN ADMINISTRATIVA
_zREPÚBLICA DOMINICANA
650 4 _aCORRUPCIÓN POLÍTICA
_zREPÚBLICA DOMINICANA
910 _aValidado. Control de calidad BNPHU
942 _2ddc
_cBK
945 _aInventariado / 2017 VM
956 _aVMATEO
_b10
_c20151106
_lBPMSU
_h00151
999 _c8600
_d8600